Dates Quiz - Statistics

General Stats
  • This quiz has been taken 47 times
    45 since last reset
  • The average score is 4 of 20
Answer Stats
Hint Answer % Correct
Spanish Armada defeated by Queen Elizabeth of England 1588
71%
Founding of Islam 622
38%
Printing Invented in China 730
33%
First African enslaved people taken to Americas 1502
29%
1517 Martin Luther/Protestant Reformation
29%
Bubonic Plague in Europe 1347-1348
24%
Printing Press in Europe 1450
24%
Qing Dynasty 1644-1911
24%
1519-1521 Cortez Conquers Aztecs
24%
Cape Town colony founded 1653
19%
Ghenghis Khan begins Mongol Conquests 1206
14%
Zheng He’s 7 Voyages 1405-1433
14%
1600 Beginning of the Tokugawa Shogunate
14%
Yuan Dynasty in China 1279-1368
10%
Mansa Musas Hajj 1324
10%
1488 Dias rounds Cape of Good hope
10%
1271-1295 Marco Polos Travels
10%
1368-1644 Ming Dynasty
10%
1453 Ottomans capture Constantiople
10%
1325-1349 Ibn Battuta Travels
5%
No matching quizzes found
Score Distribution
Percent of People with Each Score
Percentile by Number Answered
Your Score History
You have not taken this quiz since the last reset